Избранные речи и статьи; Избранные речи и статьи

Bibliografski detalji
Parent link:Избранные речи и статьи/ М. С. Горбачев; Институт марксизма-ленинизма (ИМЛ). Т. 2.— , 1987-1990
Jezik:ruski
Izdano: Москва, Политиздат, 1987
Teme:
Format: MixedMaterials Knjiga
KOHA link:https://koha.lib.tpu.ru/cgi-bin/koha/opac-detail.pl?biblionumber=270855

MARC

LEADER 00000nam2a2200000 4500
001 270855
005 20231101234401.0
020 |a RU  |b 87-45435 
035 |a (RuTPU)RU\TPU\book\294036 
090 |a 270855 
100 |a 20141002d1987 km y0rusy5003 ca 
101 0 |a rus 
102 |a RU 
105 |a y z 000zy 
200 1 |a Избранные речи и статьи  |f М. С. Горбачев 
210 |a Москва  |c Политиздат  |d 1987 
215 |a 510 с. 
320 |a Предметный указатель: с. 494-504 
461 1 |0 (RuTPU)RU\TPU\book\205836  |t Избранные речи и статьи  |f М. С. Горбачев  |g Институт марксизма-ленинизма (ИМЛ)  |v Т. 2  |d 1987-1990 
606 1 |a Деятели КПСС  |x Произведения  |2 stltpush  |3 (RuTPU)RU\TPU\subj\9406  |9 36662 
610 1 |a экономическая политика 
610 1 |a социальная политика 
610 1 |a идеологическая работа 
610 1 |a коммунистическое строительство 
610 1 |a социалистическая демократия 
610 1 |a внешнеполитическая деятельность 
610 1 |a ленинский стиль в партийной работе 
610 1 |a 20 век 
686 |a Ф61(2),012  |2 rubbk 
801 0 |a RU  |b RuMRKP  |c 19950417  |g psbo 
801 1 |a RU  |b 63413507  |c 20141002 
801 2 |a RU  |b 63413507  |c 20170111  |g RCR 
942 |c BK